Co to za ptak? #8 - Statystyki

Ogólne statystyki
  • Ten quiz został rozwiązany 38 razy
  • Średni wynik to 4 z 24
Statystyki odpowiedzi
Obrazkowy Hint Odpowiedź % Poprawnych
x zwyczajny Perkozek
67%
inaczej kaczka hełmiasta Hełmiatka
50%
x równikowy Burzyk
33%
Nestor x Kaka
33%
x zmienny Kukal
33%
x czarnogłowy Łowiec
33%
x lśniący Altannik
17%
(rasa kur) Amrock / Amrok
17%
x syberyjski (samiec) Borowiak
17%
x pomarańczowoczelna Konura
17%
Łęczak
17%
x tyranowaty Muchołap
17%
x ognista Piranga
17%
x tropikalna Siwuszka
17%
x pąsowa Tapiranga
17%
x zwyczajny Zaganiacz
17%
x żółtobrzuchy Bilbil
0%
Budnik
0%
x senegalska Czagra
0%
x zwyczajny Junko
0%
x namorzynowy Kukawik
0%
inaczej Świergotek górski Siwerniak
0%
x drozdówka Trzciniak
0%
x żółtoczelny Wąsaczek
0%
Nie znaleziono quizów pasujących do podanych kryteriów
Rozkład punktacji
Procent ludzi z każdym wynikiem
Percentyl według liczby udzielonych odpowiedzi
Twoja historia wyników
Nie rozwiązałeś tego quizu